|
|
|
|
| LEADER |
00000nam0a2200000 4500 |
| 001 |
249211 |
| 005 |
20231031212750.0 |
| 035 |
|
|
|a (RuTPU)RU\TPU\book\271236
|
| 090 |
|
|
|a 249211
|
| 100 |
|
|
|a 20140203d1962 k y0rusy50 ca
|
| 101 |
0 |
|
|a rus
|
| 102 |
|
|
|a RU
|
| 105 |
|
|
|a a z 001zy
|
| 200 |
1 |
|
|a Вакуумная металлургия
|f под ред. А. М. Самарина
|
| 210 |
|
|
|a Москва
|d 1962
|c Гостехиздат
|
| 215 |
|
|
|a 515 с.
|c ил.
|
| 320 |
|
|
|a Библиогр. в конце ст.
|
| 606 |
1 |
|
|a Вакуумная металлургия
|2 stltpush
|3 (RuTPU)RU\TPU\subj\22043
|
| 610 |
1 |
|
|a сталь
|
| 610 |
1 |
|
|a сплавы
|
| 610 |
1 |
|
|a производство
|
| 610 |
1 |
|
|a жидкий металл
|
| 610 |
1 |
|
|a обработка
|
| 610 |
1 |
|
|a выплавка
|
| 610 |
1 |
|
|a индукционные печи
|
| 610 |
1 |
|
|a ферросплавы
|
| 610 |
1 |
|
|a получение
|
| 610 |
1 |
|
|a электропечи
|
| 610 |
1 |
|
|a механические насосы
|
| 610 |
1 |
|
|a вакуум
|
| 610 |
1 |
|
|a измерение
|
| 610 |
1 |
|
|a вакуумные материалы
|
| 610 |
1 |
|
|a вакуумная аппаратура
|
| 675 |
|
|
|a 669-982
|v 3
|
| 702 |
|
1 |
|a Самарин
|b А. М.
|g Александр Михайлович
|4 340
|
| 801 |
|
1 |
|a RU
|b 63413507
|c 20140203
|
| 801 |
|
2 |
|a RU
|b 63413507
|c 20190204
|g RCR
|
| 942 |
|
|
|c BK
|